Statistics for French Cities: 100,000+ people and end in S

Click here to take the quiz!

General Stats

  • This quiz has been taken 26 times
  • The average score is 6 of 13

Answer Stats

Population Answer % Correct
2229Paris
95%
211Rennes
82%
293Nantes
73%
135Tours
59%
133Amiens
45%
151Nimes
45%
183Reims
45%
135Limoges
41%
114Orleans
41%
150Angers
32%
109Saint-Denis
23%
142Saint-Denis
23%
144Le Mans
14%

Score Distribution

Percentile by Number Answered

Percent of People with Each Score

Your Score History

You have not taken this quiz